000 00753nam a2200229Ia 4500
003 GCL
008 140319s9999 xx 000 0 ara d
040 _aGCL /
_cGCL
082 0 4 _a940
_bر ت
100 1 _aرونوفن، بيير
245 1 0 _aتاريخ القرن العشرين /
_cرونوفن، بيير
700 1 _aنورالدين حاطوم
260 _aبيروت :
_bدار الفكر المعاصر ،
_c1980
300 _a573 ص ؛
_c24 سم
650 0 4 _aالعصر الحديث
650 0 4 _aتاريخ
650 0 4 _aالقرن العشرين
650 0 4 _aاوربا
650 0 4 _aالحرب العالمية الاولى 1914- 1918
650 0 4 _aالحرب العالمية الثانية 1939 - 1945
942 _2ddc
_cBK
999 _c37475
_d37475